EXAM -ORIENTED ANATOMY ABOVE (Record no. 4726)

MARC details
000 -LEADER
fixed length control field 00356nam a2200145Ia 4500
008 - FIXED-LENGTH DATA ELEMENTS--GENERAL INFORMATION
fixed length control field 150201s2011 xx 000 0 und d
082 ## - DEWEY DECIMAL CLASSIFICATION NUMBER
Classification number 611
Item number E2011K
100 ## - MAIN ENTRY--PERSONAL NAME
Personal name KAZI,S.N.
245 ## - TITLE STATEMENT
Title EXAM -ORIENTED ANATOMY ABOVE
250 ## - EDITION STATEMENT
Edition statement 1ST
260 ## - PUBLICATION, DISTRIBUTION, ETC. (IMPRINT)
Name of publisher, distributor, etc. C.B.S PUBLISHERS & DISTRIBUTERS
Place of publication, distribution, etc. DELHI
Date of publication, distribution, etc. 2011
300 ## - PHYSICAL DESCRIPTION
Extent 1-388
650 ## - SUBJECT ADDED ENTRY--TOPICAL TERM
Topical term or geographic name as entry element ANATOMY
942 ## - ADDED ENTRY ELEMENTS (KOHA)
Source of classification or shelving scheme Dewey Decimal Classification
Koha item type Books
Holdings
Withdrawn status Lost status Source of classification or shelving scheme Damaged status Not for loan Home library Current library Date acquired Source of acquisition Cost, normal purchase price Serial Enumeration / chronology SGTU Bill Number Total Checkouts Full call number Barcode Date last seen Date last checked out Bill Date Koha item type
    Dewey Decimal Classification     SGT Dental Library SGT Dental Library 19/04/2012 U.B.S.DELHI 450.00 1 SGTU 44 4 611 E2011K FD6669 10/04/2026 03/04/2026 02/07/2013 Books
    Dewey Decimal Classification     SGT Dental Library SGT Dental Library 19/04/2012 U.B.S.DELHI 450.00 1 SGTU 44 2 611 E2011K FD6670 23/08/2018 14/08/2018 02/07/2013 Books